Sectores Populares y Vida Urbana /

Guardado en:
书目详细资料
主要作者: Barrán, José Pedro (autor)
其他作者: Nahum, Benjamín (autor) (autor), Langdon, María Elena (autor) (autor)
格式: 图书
语言:西班牙语
出版: Buenos Aires, Argentina : Consejo Latinoamericano de Ciencias Sociales, 1984
主题:
标签: 添加标签
没有标签, 成为第一个标记此记录!

MARC

LEADER 00000nam^a2200000^a^4500
001 000023726
005 20250521000000.0
009 20260310084544.066
022 |a 9-231-05-5 
037 |a Acervo ITESO - Biblioteca 
041 |a ESP 
082 |a 305. 56  |b BAR 
100 |a Barrán, José Pedro  |e (autor) 
245 1 0 |a Sectores Populares y Vida Urbana /  |c J.P. Barrán; et. al. 
264 1 |a Buenos Aires, Argentina :  |b Consejo Latinoamericano de Ciencias Sociales,  |c 1984 
300 |a 283 p. 
336 |a texto  |b txt  |2 rdacontenido 
337 |a sin mediación  |b n  |2 rdamedio 
338 |a volumen  |b nc  |2 rdasoporte 
649 |a XX 
650 |a Sociología Urbana 
650 |a Zonas Urbanas -  |z Latinoamérica 
650 |a Arquitectura y Sociedad 
700 |a Nahum, Benjamín  |e (autor) 
700 |a Langdon, María Elena  |e (autor) 
910 |a Fondo General 
920 |a Impresos - Libros 
930 |a Colección General 
905 |a 101 
901 |a 0237260100  |b IT1  |c ACC  |i 023726  |u 20250521 
902 |a https://opac.biblio.iteso.mx/vufind/Record/000023726